Singapore banking & you : your essential guide to banking & international treade in Singapore
| Main Author: | |
|---|---|
| Format: | Book |
| Published: |
Kuala Lumpur :
Pelanduk Publications(M) Sdn. Bhd. ,
1991
|
| Subjects: |
MARC
| LEADER | 00000cam a2200000 7i4500 | ||
|---|---|---|---|
| 001 | 0000053844 | ||
| 005 | 20151027.0 | ||
| 008 | 151027 | ||
| 020 | |a 9679783936 | ||
| 090 | 0 | 0 | |a 332.1 |b PAN |
| 100 | 0 | |a Pang, Johnson | |
| 245 | 1 | 0 | |a Singapore banking & you : |b your essential guide to banking & international treade in Singapore |c Johnson Pang |
| 260 | |a Kuala Lumpur : |b Pelanduk Publications(M) Sdn. Bhd. , |c 1991 | ||
| 300 | |a 395pg. | ||
| 650 | 0 | |a Banks and banking | |
| 999 | |a 0000191731 |b Book |c Adult Collection |e Cawangan Muar | ||